Central Library OPAC University of Rajshahi

ঠান্ডা যুদ্ধোত্তর আন্তর্জাতিক সম্পর্কের ইতিহাস / (Record no. 76227)

MARC details
000 -LEADER
fixed length control field 01140nam a22002657a 4500
001 - CONTROL NUMBER
control field 76227
003 - CONTROL NUMBER IDENTIFIER
rucl marc code BD-RjUL
005 - DATE AND TIME OF LATEST TRANSACTION
control field 20211209082818.0
008 - FIXED-LENGTH DATA ELEMENTS--GENERAL INFORMATION
fixed length control field 190815s20152003bg ||||| |||| 00| 0 ben d
020 ## - INTERNATIONAL STANDARD BOOK NUMBER
International Standard Book Number 9789844103337
035 ## - SYSTEM CONTROL NUMBER
System control number (BD-RjUL)76448
040 ## - CATALOGING SOURCE
Original cataloging agency BD-RjUL
Language of cataloging ben
Transcribing agency BD-RjUL
041 ## - LANGUAGE CODE
Language code of text/sound track or separate title ben
082 ## - DEWEY DECIMAL CLASSIFICATION NUMBER
Edition number 23
Classification number 327.5492
Author mark and year HAT 2015
100 ## - MAIN ENTRY--PERSONAL NAME
Personal name হালিম, মোঃ আবদুল
9 (RLIN) 143400
245 10 - TITLE STATEMENT
Title ঠান্ডা যুদ্ধোত্তর আন্তর্জাতিক সম্পর্কের ইতিহাস /
Statement of responsibility, etc. মোঃ আবদুল হালিম
246 ## - VARYING FORM OF TITLE
Title proper/short title A History of Post-Cold War International Relations.
260 ## - PUBLICATION, DISTRIBUTION, ETC. (IMPRINT)
Place of publication, distribution, etc. ঢাকা :
Name of publisher, distributor, etc. মাওলা ব্রাদার্স,
Date of publication, distribution, etc. ২০০৩ [মুদ্রণ ২০১৫]
300 ## - PHYSICAL DESCRIPTION
Pagination ২৫৬ পৃ. ;
Size ২১ সেমি.
504 ## - BIBLIOGRAPHY, ETC. NOTE
Bibliography, etc বিবলিওগ্রাফি সম্বিলত।
650 ## - SUBJECT ADDED ENTRY--TOPICAL TERM
Topical term or geographic name as entry element আন্তর্জাতিক সম্পর্ক
9 (RLIN) 143401
Topical term or geographic name as entry element International relations.
9 (RLIN) 143402
651 ## - SUBJECT ADDED ENTRY--GEOGRAPHIC NAME
Geographic name Bangladesh
General subdivision Foreign relations.
9 (RLIN) 234862
942 ## - ADDED ENTRY ELEMENTS (KOHA)
Source of classification or shelving scheme Dewey Decimal Classification
Koha item type Books
Holdings
Lost status Source of classification or shelving scheme Damaged status Not for loan Permanent Location Current Location Shelving location Date acquired Source of acquisition Cost, normal purchase price Total Checkouts Full call number Date last seen Copy number Koha item type Date checked out
  Dewey Decimal Classification   Not For Loan Central Library, University of Rajshahi Central Library, University of Rajshahi Reading Room 12/11/2019 Vidyasagar, Rajshahi 250.00   B 327.5492 HAT 2015 14/11/2019 C-1 Books  
  Dewey Decimal Classification     Central Library, University of Rajshahi Central Library, University of Rajshahi   12/11/2019 Vidyasagar, Rajshahi 250.00 1 B 327.5492 HAT 2015 01/09/2025 C-2 Books 26/08/2025